[Event "GER-chT U10"]
[Site "Magdeburg"]
[Date "2012.12.29"]
[Round "7.3"]
[White "Niebur, Thorben Carl"]
[Black "Markert, Julian"]
[Result "0-1"]
[WhiteElo "823"]
[BlackElo "919"]
[PlyCount "135"]
[EventDate "2012.12.27"]
[EventType "team-swiss"]
[EventRounds "7"]
[EventCountry "GER"]
[SourceTitle "EXT 2014"]
[Source "ChessBase"]
[SourceDate "2013.11.20"]
[SourceVersion "1"]
[SourceVersionDate "2013.11.20"]
[SourceQuality "1"]
[WhiteTeam "Erfurt Empor II"]
[BlackTeam "Saalfeld"]
[WhiteTeamCountry "GER"]
[BlackTeamCountry "GER"]

1. e4 e5 2. Nf3 Nc6 3. d4 exd4 4. Nxd4 Be7 5. Nc3 Bf6 6. Be3 Bxd4 7. Bxd4 Nxd4 8. Qxd4 Qf6 9. Qe3 Qe6 10. 0-0-0 Nf6 11. Qd4 0-0 12. Bc4 Qe7 13. e5 Nh5 14. g4 Qg5+ 15. Kb1 Nf4 16. h3 Ne6 17. Bxe6 dxe6 18. h4 Qe7 19. g5 c5 20. Qd2 b6 21. h5 Bb7 22. Rh2 Qd8 23. h6 gxh6 24. Qf4 Qxg5 25. Qxg5+ hxg5 26. Rg1 Rad8 27. f3 Bxf3 28. Rxg5+ Kh8 29. Rg1 Rd7 30. Rh3 Bd5 31. Kc1 Rg8 32. Rgg3 Rxg3 33. Rxg3 a6 34. Ne2 Bxa2 35. b3 b5 36. Kb2 Rd2 37. Nf4 c4 38. Kxa2 Rxc2+ 39. Ka3 cxb3 40. Kxb3 Rc4 41. Nh5 a5 42. Nf6 a4+ 43. Kb2 Rc8 44. Ka3 Ra8 45. Ne4 b4+ 46. Kxb4 a3 47. Rxa3 Rxa3 48. Kxa3 Kg7 49. Kb4 Kg6 50. Kc4 h5 51. Nf2 f6 52. exf6 Kxf6 53. Ne4+ Kf5 54. Ng3+ Kg5 55. Nxh5 Kxh5 56. Kd4 Kg6 57. Ke5 Kf7 58. Ke4 Kf6 59. Kd4 e5+ 60. Ke4 Ke6 61. Kd3 Kd5 62. Ke3 e4 63. Ke2 Kd4 64. Kd2 e3+ 65. Ke2 Ke4 66. Kd1 Kd3 67. Ke1 e2 68. Kf2 0-1

[Event "GER-chT U10"]
[Site "Magdeburg"]
[Date "2012.12.28"]
[Round "3.3"]
[White "Hundrieser, Malte"]
[Black "Markert, Julian"]
[Result "0-1"]
[WhiteElo "902"]
[BlackElo "919"]
[PlyCount "68"]
[EventDate "2012.12.27"]
[EventType "team-swiss"]
[EventRounds "7"]
[EventCountry "GER"]
[SourceTitle "EXT 2014"]
[Source "ChessBase"]
[SourceDate "2013.11.20"]
[SourceVersion "1"]
[SourceVersionDate "2013.11.20"]
[SourceQuality "1"]
[WhiteTeam "Doellnitz"]
[BlackTeam "Saalfeld"]
[WhiteTeamCountry "GER"]
[BlackTeamCountry "GER"]

1. Nf3 e6 2. d4 Nf6 3. Nc3 Bb4 4. Bg5 Bxc3+ 5. bxc3 0-0 6. e4 Nc6 7. e5 h6 8. Bxf6 gxf6 9. Be2 fxe5 10. dxe5 d6 11. exd6 Qxd6 12. Qxd6 cxd6 13. 0-0 e5 14. Rad1 Rd8 15. Bb5 Bg4 16. Rd3 e4 17. Re3 exf3 18. gxf3 Bh3 19. Rfe1 Bd7 20. Rd1 Bf5 21. Bd3 Bxd3 22. Rexd3 Ne5 23. Rxd6 Rxd6 24. Rxd6 Nxf3+ 25. Kg2 Nh4+ 26. Kf1 Nf5 27. Rf6 Ne7 28. Rxh6 Kg7 29. Rd6 Rc8 30. Rd7 Ng6 31. Rxb7 Rxc3 32. Rxa7 Rxc2 33. a4 Nf4 34. Rb7 Rc1# 0-1

[Event "GER-chT U10"]
[Site "Magdeburg"]
[Date "2012.12.28"]
[Round "5.3"]
[White "Markert, Julian"]
[Black "Mann, Jasmina"]
[Result "0-1"]
[WhiteElo "919"]
[BlackElo "891"]
[PlyCount "62"]
[EventDate "2012.12.27"]
[EventType "team-swiss"]
[EventRounds "7"]
[EventCountry "GER"]
[SourceTitle "EXT 2014"]
[Source "ChessBase"]
[SourceDate "2013.11.20"]
[SourceVersion "1"]
[SourceVersionDate "2013.11.20"]
[SourceQuality "1"]
[WhiteTeam "Saalfeld"]
[BlackTeam "Stadtilm Blau Weiss"]
[WhiteTeamCountry "GER"]
[BlackTeamCountry "GER"]

1. e4 e5 2. Nf3 Nc6 3. Nc3 Nf6 4. Bb5 Bc5 5. Bxc6 dxc6 6. h3 Be6 7. Nxe5 0-0 8. 0-0 Qe7 9. d3 h6 10. Qf3 Bd6 11. Qg3 Kh7 12. Be3 Nh5 13. Qf3 g6 14. Nc4 b5 15. Nxd6 cxd6 16. d4 b4 17. Na4 d5 18. exd5 Bxd5 19. Qe2 Rfe8 20. Rfe1 Nf4 21. Qd2 Nxg2 22. Re2 Qh4 23. Qxb4 Qxh3 24. Qd6 Nf4 25. f3 Nxe2+ 26. Kf2 Qxf3+ 27. Ke1 Rxe3 28. Kd2 Nxd4 29. Qh2 Re2+ 30. Qxe2 Qxe2+ 31. Kc1 Qxc2# 0-1